Epidemiology / (Record no. 37412)
[ view plain ]
| 000 -LEADER | |
|---|---|
| fixed length control field | 00896nam a2200289 a 4500 |
| 001 - CONTROL NUMBER | |
| control field | 37412 |
| 003 - CONTROL NUMBER IDENTIFIER | |
| rucl marc code | BD-RjUL |
| 005 - DATE AND TIME OF LATEST TRANSACTION | |
| control field | 20211209052615.0 |
| 008 - FIXED-LENGTH DATA ELEMENTS--GENERAL INFORMATION | |
| fixed length control field | 15 s2014 paua b 001 0 eng |
| 020 ## - INTERNATIONAL STANDARD BOOK NUMBER | |
| International Standard Book Number | 9781455737338 (pbk. : alk. paper) |
| 035 ## - SYSTEM CONTROL NUMBER | |
| System control number | (DNLM)101611041 |
| -- | (BD-RjUL)37516 |
| 040 ## - CATALOGING SOURCE | |
| Original cataloging agency | DNLM/DLC |
| Transcribing agency | DLC |
| Description conventions | rda |
| Modifying agency | DLC |
| -- | BD-RjUL |
| Language of cataloging | eng |
| 041 ## - LANGUAGE CODE | |
| Language code of text/sound track or separate title | eng |
| 060 10 - NATIONAL LIBRARY OF MEDICINE CALL NUMBER | |
| Classification number | WA 105 |
| 082 00 - DEWEY DECIMAL CLASSIFICATION NUMBER | |
| Classification number | 614.4 |
| Edition number | 23 |
| Author mark and year | GOE 2014 |
| 100 1# - MAIN ENTRY--PERSONAL NAME | |
| Personal name | Gordis, Leon, |
| Dates associated with a name | 1934- |
| 9 (RLIN) | 114812 |
| 245 10 - TITLE STATEMENT | |
| Title | Epidemiology / |
| Statement of responsibility, etc. | Leon Gordis.. |
| 250 ## - EDITION STATEMENT | |
| Edition statement | Fifth edition. |
| 260 ## - PUBLICATION, DISTRIBUTION, ETC. (IMPRINT) | |
| Place of publication, distribution, etc. | Philadelphia, PA : |
| Name of publisher, distributor, etc. | Elsevier/Saunders, |
| Date of publication, distribution, etc. | c2014. |
| 300 ## - PHYSICAL DESCRIPTION | |
| Pagination | xv, 392 pages : |
| Illustrations | illustrations (some color) ; |
| Size | 26 cm. |
| 504 ## - BIBLIOGRAPHY, ETC. NOTE | |
| Bibliography, etc | Includes bibliographical references and index. |
| 650 12 - SUBJECT ADDED ENTRY--TOPICAL TERM | |
| Topical term or geographic name as entry element | Epidemiology. |
| 9 (RLIN) | 114813 |
| Topical term or geographic name as entry element | Epidemiologic Methods. |
| 9 (RLIN) | 114777 |
| 942 ## - ADDED ENTRY ELEMENTS (KOHA) | |
| Source of classification or shelving scheme | Dewey Decimal Classification |
| Koha item type | Books |
| Lost status | Source of classification or shelving scheme | Damaged status | Not for loan | Collection code | Permanent Location | Current Location | Shelving location | Date acquired | Source of acquisition | Total Checkouts | Full call number | Date last seen | Copy number | Koha item type |
|---|---|---|---|---|---|---|---|---|---|---|---|---|---|---|
| Dewey Decimal Classification | Not For Loan | Non-fiction | Institute of Biological Sciences (IBSc) Library | Institute of Biological Sciences (IBSc) Library | 05/01/2015 | HEQEP | 614.4 GOE 2014 | 12/01/2015 | C-1 | Books |